000 01700nam a2200241Ia 4500
003 Ost
005 20260507075654.0
008 260507s9999||||xx |||||||||||||| ||und||
040 _cfsecg
041 _aara
082 _a332.1
100 _aشكري، ماهر
_eمؤلف
245 0 _aالعمليات المصرفية الخارجية /
_c ماهر شكري
250 _aطبعة 2
260 _aعمان:
_bدار الحامد,
_c2004
300 _a493 صفحة؛
_bإيضاحات ؛
_c24 سم
504 _aالمراجع ص.491
520 _aالعلاقات المصرفية الخارجية، اتفاقية التعامل مع البنوك المراسلة، ادارة العلاقات مع البنوك، الحوادث الخارجية ، الشيكات بالعملات الأجنبية وأوراق النقد الأجنبي، الصعوبات المستندية، التحصيل المستندي، تمويل التبادل التجاري بواسطة التحصيل المستندي، ادارة عمليات التحصيل المستندي، القواعد الموحدة للتحصيل، الاعتمادات المسحية، تمويل التبادل التجاري الدولي بواسطة الاعتمادات المستندية، الأصول والأعراف الموحدة الاعتمادات المستندية، ادارة عمليات الاعتمادات المستندية، كفالات العقود التجارية، دور الكفالات في التبادل التجاري، ادارة عمليات كفالات العقود الخارجية.
653 _aالبنوك
653 _aالسندات
653 _aالمصاريف
942 _cكتاب
999 _c45667
_d45667